1505 1981 1677 1616 1104 1339 1077 1669 1264 1282 1664 1410 1930 1091 1400 1743 1366 1292 1582 1557 1738 1927 1884 1746 1868 1023 1277 1964 1652 1754 1110 1957 1219 1519 1158 1487 1972 1711 1008 1003 1484 1407 1460 1968 1426 1163 1217 1011 1368 1238 1607 1422 1138 1434 1589 1022 1464 1835 1801 1035 1524 1763 1318 1178 1305 1213 1141 1492 1768 1427 1363 1430 1881 1752 1066 1908 1987 1332 1444 1993 1927 1662 1842 1349 1079 1967 1226 1271 1662 1788 1811 1319 1365 1102 1162 1558 1301 1157 1374 BCNSPRNW ULIB Ver.6.0+V

เปลี่ยนเป็นภาษาไทย

Change to English
 แสดงรายละเอียดบรรณานุกรม
  กลับหน้าหลัก

Brief Record : Get Marc (ISO 2709) : E-mail record : QR code < ปิดหน้าต่าง
LEADER : 00000nam 2200000uu 4500
001    13399111971
003     ULIB
008    110713s2542||||th 000 0 tha d
020    9746111361 (ล.2)
060 04 WA525^bกร513 ล.2 2542
245 00 การบริหารสาธารณสุขทั่วไป หน่วยที่ 8-15 =^bGeneral health management /^cสาขาวิชาวิทยาศาสตร์สุขภาพ มหาวิทยาลัยสุโขทัยธรรมาธิราช
246 31 General health management
250    พิมพ์ครั้งที่ 15
260    [นนทบุรี] :^bสำนักพิมพ์มหาวิทยาลัยสุโขทัยธรรมาธิราช,^c2542
300    2 เล่ม ;^c30 ซม.
500    "เอกสารการสอนชุดวิชา 52301 หน่วยที่ 8-15"- หน้าปกใน
500    สิ่งพิมพ์ของ มหาวิทยาลัยสุโขทัยธรรมาธิราชสาขาวิชาวิทยาศาสตร์สุขภาพ
650  4 สาธารณสุข, การบริหาร
710 2  มหาวิทยาลัยสุโขทัยธรรมาธิราช. ^bสาขาวิชาวิทยาศาสตร์สุขภาพ
945    ^p0^l0^i18407
945    ^p0^l0^i18408
945    ^p0^l0^i14876
995    กัณชพร
999 ^a ใช้งานได้ทุกระบบ
รายการนี้ยังไม่มีแท็ก
คุณยังไม่ได้ล็อกอิน คุณสามารถมีกิจกรรมร่วมกับเว็บไซต์ได้ แต่ต้องล็อกอินก่อน ::
  ล็อกอิน

รายการสื่อสารสนเทศ

ลำดับที่ ประเภท เลขเรียก/บาร์โค้ด สถานที่ สถานะ
- ไม่พบข้อมูล -

รายการใกล้เคียง
    หัวเรื่อง [สาธารณสุข, การบริหาร]

BibComment


ยังไม่เคยถูกคอมเมนท์

คอมเมนท์ทรัพยากรรายการนี้
  คอมเมนท์: การบริหารสาธารณสุ..


 Copyright 2026. Bcnsprnw @Library